书目信息 |
| 题名: |
40/40——来自芬兰的青年建筑师
|
|
| 作者: | 康纳 著 ;龙灏 , 江枫 , 彭寰 译 | |
| 分册: | ||
| 出版信息: | 广州 广东世界图书出版公司 2005.05 |
|
| 页数: | 239页, [2]叶图版 | |
| 开本: | 21cm | |
| 丛书名: | ||
| 单 册: | ||
| 中图分类: | TU206 | |
| 科图分类: | ||
| 主题词: | 建筑设计--芬兰--现代--图集 | |
| 电子资源: | ||
| ISBN: | 7-5062-7045-5 | |
| 000 | 01184nam0 2200301 450 | |
| 001 | CAL 012005069490 | |
| 005 | 20060524161438.39 | |
| 010 | @a7-5062-7045-5@dCNY 98.00 | |
| 099 | @aCAL 012005069490 | |
| 100 | @a20050525d2005 ekmy0chiy0121 ea | |
| 101 | 1 | @achi |
| 102 | @aCN@b440100 | |
| 200 | 1 | @a40/40——来自芬兰的青年建筑师@A40/40—— Lai Zi Fen Lan De Qing Nian Jian Zhu Shi@f[芬]罗杰·康纳著@g龙灏,江枫,彭寰译 |
| 210 | @a广州@c广东世界图书出版公司@d2005.05 | |
| 215 | @a239页, [2]叶图版@c图, 折图@d21cm | |
| 314 | @a彭寰(1977~),女,现为重庆大学建筑城规学院硕士研究生。 | |
| 314 | @a龙灏(1968~),男,现为重庆大学建筑城规学院副教授,在职博士研究生。 | |
| 314 | @a江枫(1968~),女,现为重庆大学土木工程学院副教授,工学博士。 | |
| 330 | @a本书是一本芬兰现代建筑设计作品集,主要包括:寄自“建筑旅馆”的信、HIP项目、HOP项目、HOUSE项目、建筑师生平等。 | |
| 333 | @a建筑设计人员及普通读者 | |
| 606 | 0 | @a建筑设计@y芬兰@z现代@j图集 |
| 690 | @aTU206@v4 | |
| 701 | 1 | @a康纳@AKang Na@b罗杰@4著 |
| 702 | 0 | @a龙灏@ALong Hao@4译 |
| 702 | 0 | @a江枫@AJiang Feng@4译 |
| 702 | 0 | @a彭寰@APeng Huan@4译 |
| 801 | 0 | @aCN@bXHSD@c20060524 |
| 905 | @a10447@dTU206@eF395 | |
| 40/40——来自芬兰的青年建筑师/[芬]罗杰·康纳著/龙灏,江枫,彭寰译.-广州:广东世界图书出版公司,2005.05 |
| 239页, [2]叶图版:图, 折图;21cm |
| 使用对象:建筑设计人员及普通读者 |
| ISBN 7-5062-7045-5:CNY 98.00 |
| 本书是一本芬兰现代建筑设计作品集,主要包括:寄自“建筑旅馆”的信、HIP项目、HOP项目、HOUSE项目、建筑师生平等。 |
| ● |
| 相关链接 |
|
|
|
正题名:40/40——来自芬兰的青年建筑师
索取号:TU206/F395
 
预约/预借
| 序号 | 登录号 | 条形码 | 馆藏地/架位号 | 状态 | 备注 |
| 1 | 602792 | 206027921 | 建筑与城市规划学院资料室/101建筑库 14排1列1层/ [索取号:TU206/F395] | 在馆 | |
| 2 | 602793 | 206027930 | 建筑库101/101建筑库 41排1列1层/ [索取号:TU206/F395] | 在馆 |